Brazil Immigration by Country - Statistics

General Stats
  • This quiz has been taken 121 times
    70 since last reset
  • The average score is 11 of 14
Answer Stats
# Immigrants Country % Correct
169,069 Portugal
94%
21,626 United States
94%
35,618 Argentina
91%
37,663 Spain
89%
48,098 Paraguay
87%
29,468 Uruguay
85%
18,910 Chile
83%
11,713 France
83%
45,541 Italy
83%
47,563 Bolivia
81%
18,406 Peru
81%
60,115 Japan
74%
23,769 China
72%
15,116 Lebanon
28%
No matching quizzes found
Score Distribution
Percent of People with Each Score
Percentile by Number Answered
Your Score History
You have not taken this quiz since the last reset